Advanced Accountancy : (Record no. 5241)

MARC details
000 -LEADER
fixed length control field 00502cam a2200181ua 4500
008 - FIXED-LENGTH DATA ELEMENTS--GENERAL INFORMATION
fixed length control field 131119n ii |||gr||||Z||||||eng
040 ## - CATALOGING SOURCE
Transcribing agency MAIN
082 ## - DEWEY DECIMAL CLASSIFICATION NUMBER
Classification number 657.046
245 ## - TITLE STATEMENT
Title Advanced Accountancy :
Remainder of title Volume I /
Statement of responsibility, etc. By S.N. Maheswari .
250 ## - EDITION STATEMENT
Edition statement 5th Revised & Enlarged ed.
260 ## - PUBLICATION, DISTRIBUTION, ETC.
Place of publication, distribution, etc. New Delhi:
Name of publisher, distributor, etc. Vikas Publishing House PVT LTD,
Date of publication, distribution, etc. 1984.
300 ## - PHYSICAL DESCRIPTION
Extent xiv,1032p.
700 ## - ADDED ENTRY--PERSONAL NAME
Personal name Maheswari,S.N.,
Relator term
942 ## - ADDED ENTRY ELEMENTS (KOHA)
Koha item type Books
653 ## - INDEX TERM--UNCONTROLLED
Uncontrolled term Accounting
653 ## - INDEX TERM--UNCONTROLLED
Uncontrolled term Advanced Accountancy
Holdings
Withdrawn status Lost status Damaged status Not for loan Home library Current library Shelving location Date acquired Total Checkouts Full call number Barcode Date last seen Copy number Price effective from Koha item type
        Central Library, Naharkatiya College Central Library, Naharkatiya College General Stacks 19/09/2020   657.046 | MAH 13019 19/09/2020 3 19/09/2020 Books
        Central Library, Naharkatiya College Central Library, Naharkatiya College General Stacks 19/09/2020   657.046 | MAH 13020 19/09/2020 1 19/09/2020 Books
        Central Library, Naharkatiya College Central Library, Naharkatiya College General Stacks 19/09/2020   657.046 | MAH 13021 19/09/2020 2 19/09/2020 Books

Naharkatiya College © 2020. All rights reserved.

Powered By